=LDR 00000nam 2200000 4500 =001 INLIS000000000042033 =005 20130612151531 =008 ***********************************ind** =035 ##$$0010-061300000042033 =041 ##$$a ind =082 ##$$a 582 =090 ##$$a 582, Gem t =100 ##$$a Gembong Tjitrosoepomo =245 ##$$a Taksonomi tumbuhan (Spermatofhyta0, Gebong tjitrosoepomo =260 ##$$a 2010 $b Yogyakarta =300 ##$$a X,474 hlm., Ilus., 21 cm =650 ##$$a SPERMATONYTA =850 ##$$a NBPNMAT =990 ##$$a 92868/BPAP-NTB/2014 =990 ##$$a 0001/BPAP-NTB/20142014 =990 ##$$a 0001/BPAP-NTB/2016